| 000 | 00735nam a2200241 a 4500 | ||
|---|---|---|---|
| 999 |
_c1035 _d1035 |
||
| 008 | 191121t2013 xxua|||g |||| 00| 0 eng d | ||
| 020 |
_a9781451652178 _cRs. 550.00 |
||
| 040 |
_aKO _beng |
||
| 041 | 0 | _aeng | |
| 044 | _axxu | ||
| 082 | 0 | 4 |
_223 _a174.4 _bC8382 |
| 100 | 1 | _aCovey, Stephen M. R. | |
| 245 | 1 | 0 |
_aSmart Trust : _b the defining skill that transforms managers into leaders / _cStephen M. R. Covey, Greg Link and Rebecca R. Merrill |
| 260 |
_aNew York : _bFree Press (Simon & Schuster Inc. , _c2013 |
||
| 300 |
_axxiii, 295 p. : _bill. ; _c21 cm |
||
| 650 | 0 | _aBusiness ethics | |
| 650 | 0 | _aTrust | |
| 700 |
_aLink, Greg _eaut |
||
| 700 |
_aMerrill, Rebecca R. _eaut |
||
| 904 | _aA_BOSE | ||
| 942 | _cBK | ||